silent witness - Statistics

General Stats
  • This quiz has been taken 25 times
    15 since last reset
  • The average score is 52 of 127
Answer Stats
series episode % Correct
domestic
75%
25-2022 (6 parter) history
75%
sins of the fathers
75%
Star
75%
19-2016 after the fall
50%
14-2011 a guilty mind
50%
and then i fell in love
50%
11-2007 apocalypse
50%
a special relationship
50%
awakening
50%
betrayal
50%
bloodlines
50%
2-1997 Blood, sweat and tears
50%
body of work
50%
1-1996 Buried Lies
50%
10- 2006 cargo
50%
16-2013 change
50%
choices
50%
close to home
50%
17-2014 commodity
50%
coup de grace
50%
covenant
50%
23-2020 deadhead
50%
discovery
50%
double dare
50%
duty of candour
50%
falling angels
50%
family
50%
fear
50%
first casualty
50%
flight
50%
fraternity
50%
friends like these
50%
9-2005 ghosts
50%
greater love
50%
Grievance culture
50%
hippocratic oath
50%
home
50%
hope
50%
20-2017 identity
50%
in a lonely place
50%
in plain sight
50%
13-2010 intent
50%
judgement
50%
lift up your hearts
50%
Long days short nights
50%
lost
50%
mind and body
50%
21-2018 moment of surrender
50%
one day
50%
one of our own
50%
only the lonely
50%
paradise lost
50%
protection
50%
redhill
50%
remembrance
50%
river's edge
50%
run
50%
12-2008 safe
50%
schism
50%
shadows
50%
18-2015 sniper's nest
50%
Southbay
50%
squaring the circle
50%
suffer the children
50%
supernova
50%
the greater good
50%
the legacy
50%
the lost child
50%
the meaning of death
50%
26-2023 the penitent
50%
the prodigal
50%
to brighton, to brighton
50%
true love waits
50%
trust
50%
22-2019 two spirits
50%
undertone
50%
voids
50%
a good body
25%
a kind of justice
25%
3-1998 an academic exercise
25%
7-2003 answering fire
25%
8- 2004 a time to heal
25%
bad love
25%
beyond guilt
25%
body 21
25%
Broken
25%
brothers in arms
25%
brother's keeper
25%
closed ranks
25%
darkness visible
25%
Death by a thousand hits
25%
death by water
25%
15-2012 death has no dominion
25%
deathmaker
25%
death's door
25%
divided loyalties
25%
27-2024 Effective range
25%
28-2025 Exodus 20:17
25%
faith
25%
fallen idol
25%
familiar faces
25%
fatal error
25%
finding rachel
25%
4-1999 gone tomorrow
25%
Hearts of Darkness
25%
Homecoming
25%
I believe in love
25%
Invisible
25%
King's cross
25%
kith and kill
25%
life licence
25%
matters of life and death
25%
nowhere fast
25%
peripheral vision
25%
24-2021 redemption
25%
reputations
25%
running on empty
25%
seven times
25%
tell no tales
25%
terminus
25%
terror
25%
6-2002 the fall out
25%
5-2000/2001 the world cruise
25%
two below zero
25%
Vanishing Point
25%
case upon the midnight
0%
No matching quizzes found
Score Distribution
Percent of People with Each Score
Percentile by Number Answered
Your Score History
You have not taken this quiz since the last reset